'90s Sitcom by Moron Quiz Stats

 Plays Quiz Updated Oct 17, 2018

Also try: '90s Sitcoms
Challenge
Share
Tweet
Score 0/20 Timer 04:00
7 Plays Today
Hint Answer % Correct
Friends
98.9%
The Golden Girls
88.6%
That '70s Show
87.4%
Home Improvement
86.6%
King of the Hill
75%
Cheers
74.2%
Fresh Prince of Bel-Air
73.8%
Married… With Children
73.5%
3rd Rock from the Sun
64.3%
Saved by the Bell
62.7%
Hint Answer % Correct
The Drew Carey Show
62.1%
Night Court
56.7%
Wings
45.9%
Seinfeld
45.4%
Spin City
42.4%
Roseanne
38.9%
Kenan & Kel
36.7%
Charles in Charge
32.8%
Blossom
32.1%
Newsradio
29.8%

You're not logged in!

Compare scores with friends on all Sporcle quizzes.
OR
Log In

You Might Also Like...

Show Comments

Extras

Top Quizzes Today


Score Distribution

Your Account Isn't Verified!

In order to create a playlist on Sporcle, you need to verify the email address you used during registration. Go to your Sporcle Settings to finish the process.

Report this User

Report this user for behavior that violates our Community Guidelines.

Details: